[Event "Moscow op-A 16th"]
[Site "Moscow"]
[Date "2020.01.30"]
[Round "6"]
[White "Movsisyan, Vardan"]
[Black "Yashmetov, Mikhail"]
[Result "0-1"]
[WhiteElo "2110"]
[BlackElo "2330"]
[PlyCount "74"]
[EventDate "2020.01.25"]
[EventType "swiss"]
[EventRounds "9"]
[EventCountry "RUS"]
[SourceTitle "CBM 194 Extra"]
[Source "ChessBase"]
[SourceDate "2020.03.31"]
[SourceVersion "1"]
[SourceVersionDate "2020.03.31"]
[SourceQuality "1"]

1. e4 g6 2. d4 Bg7 3. Nc3 a6 4. a4 d6 5. Be3 Nc6 6. f3 e5 7. d5 Nce7 8. g4 f5 9. h4 fxg4 10. fxg4 Nf6 11. Bh3 0-0 12. h5 Qe8 13. h6 Bh8 14. g5 Nh5 15. Nce2 Nf4 16. Bxc8 Ng2+ 17. Kd2 Rxc8 18. Rh3 c6 19. c4 cxd5 20. cxd5 Rc4 21. Nc3 Rb4 22. Qg4 Nf5 23. Rf1 Rxb2+ 24. Kd3 b5 25. Bc1 Qc8 26. Bxb2 Qc4+ 27. Kd2 Qxf1 28. exf5 gxf5 29. Qd1 Qf4+ 30. Ke2 b4 31. Qf1 Qg4+ 32. Kf2 bxc3 33. Rxc3 e4 34. Rg3 Ne3 35. Rxe3 Bxb2 36. Qxa6 Bd4 37. Qxd6 f4 0-1

[Event "Yerevan op 1st"]
[Site "Yerevan"]
[Date "2016.10.07"]
[Round "6"]
[White "Movsisyan, Vardan"]
[Black "Gevorgyan, David"]
[Result "1/2-1/2"]
[WhiteElo "2196"]
[BlackElo "2335"]
[PlyCount "145"]
[EventDate "2016.10.02"]
[EventType "swiss"]
[EventRounds "9"]
[EventCountry "ARM"]
[SourceTitle "EXT 2017"]
[Source "ChessBase"]
[SourceDate "2016.10.25"]
[SourceVersion "1"]
[SourceVersionDate "2016.10.25"]
[SourceQuality "1"]

1. e4 e5 2. Nf3 Nc6 3. Bb5 a6 4. Ba4 Nf6 5. d3 b5 6. Bb3 Be7 7. Nc3 d6 8. Nd5 Na5 9. Nxe7 Qxe7 10. 0-0 0-0 11. Qe1 Nxb3 12. axb3 h6 13. Nh4 Nh5 14. g3 Bh3 15. Qd1 Nf6 16. Re1 c5 17. Qf3 Bg4 18. Qg2 Nh7 19. Bd2 Ng5 20. Nf5 Qf6 21. Bxg5 hxg5 22. Ne3 Be6 23. f3 Qh6 24. Ra5 Ra7 25. Qf2 Bc8 26. b4 Rd7 27. Ng4 Qe6 28. bxc5 Rc7 29. cxd6 Qxd6 30. Ne3 Qb4 31. Ra2 Be6 32. Rxa6 Qxb2 33. Kg2 Rfc8 34. Re2 Qd4 35. Nd5 Bxd5 36. Qxd4 exd4 37. exd5 Rxc2 38. Kf2 Rxe2+ 39. Kxe2 Rb8 40. d6 Kf8 41. Ra7 Rd8 42. Rb7 Rxd6 43. Rxb5 f6 44. Rb7 Re6+ 45. Kf2 Re3 46. Rb4 Rxd3 47. Ke2 Re3+ 48. Kf2 Ra3 49. Rxd4 Ra2+ 50. Kg1 Ke7 51. h4 gxh4 52. Rxh4 f5 53. Rf4 g6 54. g4 Kf6 55. gxf5 gxf5 56. Rb4 Kg5 57. f4+ Kg4 58. Rb3 Kxf4 59. Kf1 Ke4 60. Rb4+ Kf3 61. Rb3+ Kg4 62. Rc3 f4 63. Rb3 Ra1+ 64. Kf2 Ra2+ 65. Kf1 Rd2 66. Ra3 Rh2 67. Rb3 Ra2 68. Rc3 Kf5 69. Rb3 Ra4 70. Kf2 Ke4 71. Rb2 f3 72. Rb8 Ra2+ 73. Kf1 1/2-1/2

[Event "Yerevan Asrian Memorial 9th"]
[Site "Yerevan"]
[Date "2016.06.21"]
[Round "6"]
[White "Grigoryan, Karen H"]
[Black "Movsisyan, Vardan"]
[Result "1-0"]
[WhiteElo "2604"]
[BlackElo "2179"]
[PlyCount "61"]
[EventDate "2016.06.16"]
[EventType "swiss"]
[EventRounds "9"]
[EventCountry "ARM"]
[SourceTitle "CBM 173 Extra"]
[Source "ChessBase"]
[SourceDate "2016.08.29"]
[SourceVersion "1"]
[SourceVersionDate "2016.08.29"]
[SourceQuality "1"]

1. e4 c5 2. d4 cxd4 3. c3 dxc3 4. Nxc3 Nc6 5. Nf3 d6 6. Bc4 e6 7. 0-0 Be7 8. Qe2 g5 9. Rd1 g4 10. Nd4 Ne5 11. Bf4 Ng6 12. Be3 h5 13. Ndb5 a6 14. Nxd6+ Bxd6 15. e5 Qa5 16. exd6 Bd7 17. Nd5 Rc8 18. Nb6 Rc6 19. b4 Qe5 20. Nxd7 Kxd7 21. b5 Rxd6 22. Rxd6+ Kxd6 23. Qd2+ Ke7 24. Bd4 Qd6 25. Qe3 Ke8 26. bxa6 bxa6 27. Qe4 Rh7 28. Rb1 f5 29. Qxe6+ Qxe6 30. Bxe6 Nh6 31. Bf6 1-0

[Event "Yerevan Asrian Memorial 9th"]
[Site "Yerevan"]
[Date "2016.06.19"]
[Round "4"]
[White "Movsisyan, Vardan"]
[Black "Shahinyan, David"]
[Result "1/2-1/2"]
[WhiteElo "2179"]
[BlackElo "2442"]
[PlyCount "64"]
[EventDate "2016.06.16"]
[EventType "swiss"]
[EventRounds "9"]
[EventCountry "ARM"]
[SourceTitle "CBM 173 Extra"]
[Source "ChessBase"]
[SourceDate "2016.08.29"]
[SourceVersion "1"]
[SourceVersionDate "2016.08.29"]
[SourceQuality "1"]

1. e4 d6 2. d4 Nf6 3. Nc3 e5 4. dxe5 dxe5 5. Qxd8+ Kxd8 6. Bg5 Be6 7. 0-0-0+ Nbd7 8. Nd5 Kc8 9. f3 c6 10. Nxf6 gxf6 11. Be3 b5 12. Kb1 a5 13. g3 a4 14. Ne2 Bc5 15. Bxc5 Nxc5 16. Nc1 Kc7 17. Be2 Rhd8 18. Nd3 Bc4 19. Nxc5 Bxe2 20. Rde1 Bc4 21. Rd1 Rxd1+ 22. Rxd1 Be2 23. Rd7+ Kb6 24. Rd2 Bxf3 25. Nd7+ Kc7 26. Nxf6 Rd8 27. Kc1 h6 28. c3 Rxd2 29. Kxd2 Kd6 30. Ke3 Bd1 31. Kd2 Bf3 32. Ke3 Bd1 1/2-1/2

[Event "Yerevan Asrian Memorial 9th"]
[Site "Yerevan"]
[Date "2016.06.16"]
[Round "1"]
[White "Andriasian, Zaven"]
[Black "Movsisyan, Vardan"]
[Result "1-0"]
[WhiteElo "2611"]
[BlackElo "2179"]
[PlyCount "49"]
[EventDate "2016.06.16"]
[EventType "swiss"]
[EventRounds "9"]
[EventCountry "ARM"]
[SourceTitle "CBM 173 Extra"]
[Source "ChessBase"]
[SourceDate "2016.08.29"]
[SourceVersion "1"]
[SourceVersionDate "2016.08.29"]
[SourceQuality "1"]

1. e4 e5 2. Nf3 Nf6 3. Nc3 Nc6 4. Bb5 Bb4 5. 0-0 Nd4 6. Nxd4 exd4 7. e5 dxc3 8. bxc3 Bf8 9. exf6 Qxf6 10. Re1+ Kd8 11. d4 c6 12. Bf1 d5 13. c4 dxc4 14. Bxc4 Bd6 15. Qh5 Kc7 16. Bg5 Qg6 17. Qh4 Bd7 18. Bd3 Bf5 19. Bf4 Rad8 20. Bxf5 Qxf5 21. Qe7+ Rd7 22. Bxd6+ Kc8 23. Qe5 Qxc2 24. Qxg7 Rhd8 25. Bg3 1-0

[Event "Jermuk Asrian Memorial 7th"]
[Site "Jermuk"]
[Date "2014.06.24"]
[Round "9"]
[White "Kotanjian, Tigran"]
[Black "Movsisyan, Vardan"]
[Result "1-0"]
[WhiteElo "2546"]
[BlackElo "2211"]
[PlyCount "71"]
[EventDate "2014.06.16"]
[EventType "swiss"]
[EventRounds "9"]
[EventCountry "ARM"]
[SourceTitle "CBM 160 Extra"]
[Source "ChessBase"]
[SourceDate "2014.07.01"]
[SourceVersion "1"]
[SourceVersionDate "2014.07.01"]
[SourceQuality "1"]

1. d4 Nf6 2. c4 e5 3. dxe5 Ng4 4. Bf4 g5 5. Bg3 Nc6 6. Nf3 Bg7 7. Nc3 Ngxe5 8. Nxe5 Nxe5 9. e3 d6 10. h4 g4 11. h5 h6 12. Bh4 Bf6 13. Bxf6 Qxf6 14. Nd5 Qd8 15. Qd4 c6 16. Nc3 c5 17. Qf4 Be6 18. 0-0-0 Qe7 19. Nb5 Rd8 20. Be2 f6 21. Nxa7 Ra8 22. Nb5 Rxa2 23. Nxd6+ Kf8 24. Nf5 Qe8 25. Nd6 Qe7 26. Kb1 Ra6 27. Nf5 Qc7 28. Nh4 Kg7 29. Nf5+ Kf8 30. Kc2 Ra4 31. Nd4 Bxc4 32. Qxf6+ Nf7 33. Nf5 Bxe2 34. Qg7+ Ke8 35. Nd6+ Kd7 36. Nb5+ 1-0

[Event "Jermuk Asrian Memorial 7th"]
[Site "Jermuk"]
[Date "2014.06.17"]
[Round "2"]
[White "Bagaturov, Giorgi"]
[Black "Movsisyan, Vardan"]
[Result "1-0"]
[WhiteElo "2427"]
[BlackElo "2211"]
[PlyCount "71"]
[EventDate "2014.06.16"]
[EventType "swiss"]
[EventRounds "9"]
[EventCountry "ARM"]
[SourceTitle "CBM 160 Extra"]
[Source "ChessBase"]
[SourceDate "2014.07.01"]
[SourceVersion "1"]
[SourceVersionDate "2014.07.01"]
[SourceQuality "1"]

1. Nf3 Nf6 2. c4 g6 3. Nc3 d5 4. cxd5 Nxd5 5. g3 Bg7 6. Bg2 0-0 7. 0-0 c5 8. Qa4 Nc7 9. d3 Nc6 10. Qh4 Nd4 11. Nxd4 cxd4 12. Ne4 f5 13. Nc5 Qd6 14. Nb3 Ne6 15. Bg5 Rf7 16. Rfc1 f4 17. Be4 Bd7 18. Nd2 Raf8 19. g4 f3 20. Bxf3 Qe5 21. Ne4 h6 22. Bd2 Rxf3 23. exf3 Rxf3 24. Qxe7 Rxd3 25. Re1 Bc6 26. Ng3 Re3 27. fxe3 Bf8 28. Qh4 Ng5 29. Rf1 Bg7 30. e4 Nxe4 31. Qd8+ Kh7 32. Bf4 Qc5 33. Rac1 Qb5 34. Nxe4 Bxe4 35. Rc7 d3 36. Qd4 1-0

[Event "Wch U20 45th"]
[Site "Yerevan"]
[Date "2006.10.15"]
[Round "12"]
[White "Gorovets, Andrey"]
[Black "Movsisyan, Vardan"]
[Result "1/2-1/2"]
[WhiteElo "2368"]
[BlackElo "2293"]
[PlyCount "52"]
[EventDate "2006.10.03"]
[EventType "swiss"]
[EventRounds "13"]
[EventCountry "ARM"]
[SourceTitle "CBM 114 Extra"]
[Source "ChessBase"]
[SourceDate "2006.11.03"]
[SourceVersion "1"]
[SourceVersionDate "2006.11.03"]
[SourceQuality "1"]

1. e4 c5 2. f4 Nc6 3. Nf3 g6 4. Bb5 Bg7 5. Bxc6 dxc6 6. d3 Nf6 7. Nc3 0-0 8. 0-0 b6 9. Qe1 Ne8 10. Qh4 Nc7 11. Ng5 h6 12. Nf3 e6 13. Qg3 Nb5 14. e5 Nxc3 15. bxc3 Kh7 16. Be3 c4 17. d4 Qd5 18. h4 h5 19. Qf2 Bb7 20. Qe2 Kg8 21. Nd2 f5 22. Rfb1 Ba6 23. a4 Rfd8 24. Nf3 Bf8 25. Bc1 Bc8 26. Ba3 b5 1/2-1/2

[Event "Wch U20 45th"]
[Site "Yerevan"]
[Date "2006.10.14"]
[Round "11"]
[White "Movsisyan, Vardan"]
[Black "Sengupta, Deep"]
[Result "0-1"]
[WhiteElo "2293"]
[BlackElo "2420"]
[PlyCount "116"]
[EventDate "2006.10.03"]
[EventType "swiss"]
[EventRounds "13"]
[EventCountry "ARM"]
[SourceTitle "CBM 114 Extra"]
[Source "ChessBase"]
[SourceDate "2006.11.03"]
[SourceVersion "1"]
[SourceVersionDate "2006.11.03"]
[SourceQuality "1"]

1. e4 c5 2. Nf3 Nc6 3. d4 cxd4 4. Nxd4 Nf6 5. Nc3 e5 6. Ndb5 d6 7. a4 a6 8. Na3 Bg4 9. Be2 Bxe2 10. Qxe2 d5 11. exd5 Nxd5 12. Nxd5 Qxd5 13. 0-0 Be7 14. Qg4 h5 15. Qh3 g5 16. Qf5 Nd4 17. Qd3 h4 18. c3 h3 19. f3 hxg2 20. Kxg2 Qb3 21. Qc4 Qxc4 22. Nxc4 Nb3 23. Rb1 Rd8 24. Be3 Rh4 25. Nxe5 Nd2 26. Bxd2 Rxd2+ 27. Rf2 Rxh2+ 28. Kxh2 Rxf2+ 29. Kg3 Re2 30. Nc4 b5 31. axb5 axb5 32. Na3 Bd6+ 33. Kg4 Bf4 34. Kf5 Ke7 35. Rd1 Re5+ 36. Kg4 Re2 37. Kf5 Rxb2 38. Rd5 Rf2 39. Nxb5 Rxf3 40. c4 Bc1+ 41. Kg4 Rf2 42. Nd4 Bf4 43. c5 Kf6 44. c6 Rg2+ 45. Kh5 Rh2+ 46. Kg4 Rg2+ 47. Kh5 Rh2+ 48. Kg4 Rh4+ 49. Kf3 Rh3+ 50. Kg4 Rg3+ 51. Kh5 Rh3+ 52. Kg4 Rh4+ 53. Kf3 Be5 54. Nc2 g4+ 55. Ke3 g3 56. Ne1 Rc4 57. Nd3 g2 58. Kf2 Rg4 0-1

[Event "Wch U20 45th"]
[Site "Yerevan"]
[Date "2006.10.13"]
[Round "10"]
[White "Movsisyan, Vardan"]
[Black "Nechepurenko, Roman V"]
[Result "0-1"]
[WhiteElo "2293"]
[BlackElo "2479"]
[PlyCount "102"]
[EventDate "2006.10.03"]
[EventType "swiss"]
[EventRounds "13"]
[EventCountry "ARM"]
[SourceTitle "CBM 114 Extra"]
[Source "ChessBase"]
[SourceDate "2006.11.03"]
[SourceVersion "1"]
[SourceVersionDate "2006.11.03"]
[SourceQuality "1"]

1. e4 c5 2. Nf3 d6 3. d4 cxd4 4. Nxd4 Nf6 5. Nc3 a6 6. Be3 e5 7. Nb3 Be7 8. f3 Be6 9. Qd2 Nbd7 10. g4 h6 11. 0-0-0 b5 12. Kb1 Qc7 13. Qf2 Rb8 14. h4 b4 15. Nd5 Bxd5 16. exd5 a5 17. Rg1 a4 18. Nc1 Qa5 19. Bc4 Nb6 20. Bxb6 Qxb6 21. Qe2 a3 22. b3 Nd7 23. g5 hxg5 24. hxg5 g6 25. Nd3 Rh4 26. f4 Qd4 27. Rge1 Rxf4 28. c3 bxc3 29. Nxf4 Qxf4 30. Rf1 Qxg5 31. Rg1 Qf5+ 32. Bd3 Qf4 33. Rg4 Qh6 34. Rc4 f5 35. Rc7 c2+ 36. Qxc2 Nc5 37. Bc4 e4 38. Qc3 Kf8 39. Kc2 Qh4 40. Rxe7 Kxe7 41. Qg7+ Kd8 42. Qxg6 Qh2+ 43. Rd2 Qe5 44. Rg2 Kc7 45. Qg7+ Nd7 46. Qxe5 Nxe5 47. Kc3 Nxc4 48. Kxc4 Re8 49. Rc2 f4 50. Rc1 Kb6 51. Kd4 e3 0-1

[Event "Wch U20 45th"]
[Site "Yerevan"]
[Date "2006.10.11"]
[Round "8"]
[White "Movsisyan, Vardan"]
[Black "Rodshtein, Maxim"]
[Result "0-1"]
[WhiteElo "2293"]
[BlackElo "2517"]
[PlyCount "98"]
[EventDate "2006.10.03"]
[EventType "swiss"]
[EventRounds "13"]
[EventCountry "ARM"]
[SourceTitle "CBM 114 Extra"]
[Source "ChessBase"]
[SourceDate "2006.11.03"]
[SourceVersion "1"]
[SourceVersionDate "2006.11.03"]
[SourceQuality "1"]

1. e4 e6 2. d4 d5 3. Nd2 c5 4. dxc5 Bxc5 5. Bd3 Nf6 6. Qe2 Nc6 7. Ngf3 0-0 8. 0-0 Bb6 9. e5 Nd7 10. Nb3 f6 11. exf6 Nxf6 12. Bg5 Qd6 13. Rae1 Bc7 14. c4 Ne4 15. c5 Nxc5 16. Nxc5 Nd4 17. Bxh7+ Kh8 18. Qe5 Nxf3+ 19. gxf3 Qxe5 20. Rxe5 Bxe5 21. Bg6 Bf6 22. Bd2 e5 23. Re1 Bh3 24. Nd3 Kg8 25. Nxe5 Bxe5 26. Rxe5 Rxf3 27. Rxd5 Raf8 28. Rh5 Bf5 29. Bxf5 R8xf5 30. Rxf5 Rxf5 31. f4 Rd5 32. Bc3 g6 33. Kg2 Rd3 34. a3 Kf7 35. f5 gxf5 36. Kf2 Ke6 37. Kg2 f4 38. Kf2 Kf5 39. Kg2 Kg4 40. Kf2 Rh3 41. Kg2 f3+ 42. Kg1 Rh7 43. Be5 Re7 44. Bd4 b6 45. Bc3 Re2 46. a4 Rg2+ 47. Kf1 Rxh2 48. b4 Ra2 49. a5 b5 0-1

[Event "Wch U20 45th"]
[Site "Yerevan"]
[Date "2006.10.09"]
[Round "7"]
[White "Toufighi, Homayoon"]
[Black "Movsisyan, Vardan"]
[Result "0-1"]
[WhiteElo "2386"]
[BlackElo "2293"]
[PlyCount "112"]
[EventDate "2006.10.03"]
[EventType "swiss"]
[EventRounds "13"]
[EventCountry "ARM"]
[SourceTitle "CBM 114 Extra"]
[Source "ChessBase"]
[SourceDate "2006.11.03"]
[SourceVersion "1"]
[SourceVersionDate "2006.11.03"]
[SourceQuality "1"]

1. e4 c5 2. Nf3 Nc6 3. Bb5 g6 4. 0-0 Bg7 5. Re1 b6 6. c3 e5 7. d4 exd4 8. e5 Nge7 9. cxd4 cxd4 10. Nxd4 0-0 11. Bg5 Nxe5 12. Nc3 f6 13. Bh4 a6 14. Bf1 Bb7 15. Qb3+ Kh8 16. Rad1 Qc7 17. Rc1 N7c6 18. Nxc6 Bxc6 19. Nd5 Qb7 20. Nxf6 Rxf6 21. Rxe5 Rxf2 22. Qe3 Rf7 23. Rd1 b5 24. Re7 Raf8 25. Rxf7 Rxf7 26. Be1 Kg8 27. b3 Qb8 28. Bg3 Qd8 29. Be2 Re7 30. Qd3 Qe8 31. Bg4 h5 32. Bf3 Re3 33. Qd2 Bxf3 34. gxf3 Rxf3 35. Qd5+ Rf7 36. Re1 Qd8 37. Re6 Qc8 38. Re7 Qc1+ 39. Re1 Qc8 40. Re7 Bd4+ 41. Kh1 Qc1+ 42. Be1 Qc6 43. Re8+ Kg7 44. Qxc6 dxc6 45. Kg2 c5 46. Ra8 Re7 47. Kf1 Re6 48. Bh4 Kh6 49. Be1 Kg5 50. h3 Kf4 51. Rf8+ Ke3 52. Rf2 Rf6 53. Rxf6 Bxf6 54. Bf2+ Kf3 55. Bxc5 Kg3 56. Ke2 Kxh3 0-1

[Event "Moscow Aeroflot op-C"]
[Site "Moscow"]
[Date "2006.02.09"]
[Round "3"]
[White "Movsisyan, Vardan"]
[Black "Erdogdu, Mert"]
[Result "0-1"]
[WhiteElo "2292"]
[BlackElo "2373"]
[PlyCount "122"]
[EventDate "2006.02.07"]
[EventType "swiss"]
[EventRounds "9"]
[EventCountry "RUS"]
[SourceTitle "EXT 2007"]
[Source "ChessBase"]
[SourceDate "2006.11.23"]
[SourceVersion "1"]
[SourceVersionDate "2006.11.23"]
[SourceQuality "1"]

1. e4 e5 2. Nf3 Nc6 3. Bb5 a6 4. Ba4 Nf6 5. 0-0 Be7 6. Re1 b5 7. Bb3 d6 8. c3 0-0 9. h3 Na5 10. Bc2 c5 11. d4 Qc7 12. Nbd2 cxd4 13. cxd4 Bd7 14. Nf1 Rac8 15. Bb1 Nc6 16. b3 exd4 17. Bb2 Rfe8 18. Ng3 Ne5 19. Nxd4 d5 20. f4 Ng6 21. e5 Bb4 22. Rf1 Bc3 23. Bxc3 Qxc3 24. Bxg6 Qxg3 25. Bf5 g6 26. Rf3 Qh4 27. Bxd7 Nxd7 28. Ne2 Nc5 29. Qd4 Ne6 30. Qd2 d4 31. Rd1 Red8 32. f5 gxf5 33. Ng3 f4 34. Ne4 Rc7 35. Rdf1 Rdc8 36. Qd3 Rc1 37. Nd6 Rxf1+ 38. Rxf1 Rf8 39. Qf5 Qh6 40. Qe4 Qg6 41. Qd5 Kh8 42. Kh1 Qh5 43. Rf3 Kg7 44. Kh2 Qg6 45. b4 Rd8 46. Qb7 Qh5 47. Qe7 Qg6 48. h4 d3 49. Rxd3 Rf8 50. Rf3 h5 51. Ne8+ Kh6 52. Rxf4 Rxe8 53. Qxe8 Nxf4 54. Qh8+ Qh7 55. Qf6+ Ng6 56. Qxa6 Qg7 57. Qxb5 Nxe5 58. Qc5 Qf6 59. Qe3+ Kg6 60. Qe4+ Kg7 61. Kg3 Ng4 0-1

[Event "Moscow Aeroflot op-C"]
[Site "Moscow"]
[Date "2006.02.07"]
[Round "1"]
[White "Dashko, Andrey"]
[Black "Movsisyan, Vardan"]
[Result "0-1"]
[WhiteElo "2364"]
[BlackElo "2292"]
[PlyCount "54"]
[EventDate "2006.02.07"]
[EventType "swiss"]
[EventRounds "9"]
[EventCountry "RUS"]
[SourceTitle "EXT 2007"]
[Source "ChessBase"]
[SourceDate "2006.11.23"]
[SourceVersion "1"]
[SourceVersionDate "2006.11.23"]
[SourceQuality "1"]

1. e4 c5 2. Nf3 d6 3. d4 cxd4 4. Nxd4 Nf6 5. Nc3 a6 6. f3 e5 7. Nb3 Be6 8. Be3 Be7 9. Qd2 0-0 10. 0-0-0 Nbd7 11. g4 b5 12. g5 b4 13. Ne2 Ne8 14. Ng3 a5 15. Kb1 a4 16. Nc1 b3 17. cxb3 axb3 18. a3 Qc8 19. Nf5 Bd8 20. h4 d5 21. Bh3 d4 22. Bf2 Nb6 23. Nd3 Nc4 24. Qe2 Rxa3 25. bxa3 Nxa3+ 26. Ka1 Nc2+ 27. Kb1 Qa6 0-1

[Event "EU-ch U18"]
[Site "Herceg Novi"]
[Date "2005.09.20"]
[Round "6"]
[White "Movsisyan, Vardan"]
[Black "Luch, Michal"]
[Result "1/2-1/2"]
[WhiteElo "2233"]
[BlackElo "2414"]
[PlyCount "106"]
[EventDate "2005.09.14"]
[EventType "swiss"]
[EventRounds "9"]
[EventCountry "YUG"]
[SourceTitle "CBM 108 Extra"]
[Source "ChessBase"]
[SourceDate "2005.11.04"]
[SourceVersion "1"]
[SourceVersionDate "2005.11.04"]
[SourceQuality "1"]

1. e4 c5 2. Nf3 a6 3. d4 cxd4 4. Nxd4 Nf6 5. Nc3 e5 6. Nb3 Bb4 7. Bd2 d6 8. Qe2 Be6 9. 0-0-0 Qc7 10. a3 Bxb3 11. axb4 Be6 12. Bg5 Nc6 13. Bxf6 gxf6 14. f4 Nxb4 15. f5 Bd7 16. Qd2 Ke7 17. g4 h6 18. h4 a5 19. Rg1 a4 20. g5 a3 21. gxf6+ Kxf6 22. bxa3 Rxa3 23. Kb2 Rxc3 24. Qxd6+ Qxd6 25. Rxd6+ Ke7 26. Rxd7+ Kxd7 27. Kxc3 Nc6 28. Rg7 Ke7 29. Bc4 Nd8 30. Bd5 Kf6 31. Rg1 Re8 32. Rb1 Rg8 33. Rb6+ Kg7 34. Bxb7 Nxb7 35. Rxb7 Rd8 36. Rb4 Rd1 37. Kc4 h5 38. c3 Rc1 39. Rb7 Rc2 40. Rb1 Kf6 41. Rb6+ Kg7 42. Rc6 Rh2 43. Kd5 Rxh4 44. Kxe5 f6+ 45. Kd5 Rg4 46. Rc7+ Kh6 47. Rf7 Kg5 48. Rg7+ Kh6 49. Rxg4 hxg4 50. Kd4 Kg5 51. Ke3 g3 52. Kf3 g2 53. Kxg2 Kf4 1/2-1/2

[Event "Yerevan Petrosian Memorial op"]
[Site "Yerevan"]
[Date "2004.11.26"]
[Round "8"]
[White "Movsisyan, Vardan"]
[Black "Lomineishvili, Maia"]
[Result "0-1"]
[WhiteElo "2243"]
[BlackElo "2429"]
[PlyCount "132"]
[EventDate "2004.11.18"]
[EventType "swiss"]
[EventRounds "9"]
[EventCountry "ARM"]
[SourceTitle "CBM 103 Extra"]
[Source "ChessBase"]
[SourceDate "2005.01.01"]
[SourceVersion "1"]
[SourceVersionDate "2005.01.01"]
[SourceQuality "1"]

1. e4 c5 2. Nf3 d6 3. Nc3 Nf6 4. d4 cxd4 5. Nxd4 Nc6 6. f3 e5 7. Nb3 Be7 8. Be3 0-0 9. Be2 Be6 10. 0-0 a5 11. Na4 d5 12. Nb6 Rb8 13. exd5 Nxd5 14. Nxd5 Bxd5 15. c4 Be6 16. Qxd8 Rfxd8 17. Bb6 a4 18. Bxd8 Rxd8 19. Nc1 Rd2 20. Rd1 Rxb2 21. Bf1 g6 22. Nd3 Rc2 23. Ne1 Rc3 24. Rdc1 Ra3 25. Nc2 Rc3 26. Ne1 Bb4 27. Rxc3 Bxc3 28. Rc1 Bb2 29. Rd1 a3 30. Kh1 Na5 31. Nd3 Bxc4 32. Nb4 Be6 33. Rd8+ Kg7 34. Nd5 Nc6 35. Rd6 Bd4 36. Bc4 Na5 37. Bb5 Bc5 38. Rxe6 fxe6 39. Nc3 Bd4 40. Ne4 Kf7 41. Nd6+ Ke7 42. Nc4 Nc6 43. Nxa3 Kd6 44. Bc4 Na5 45. Bd3 Kc5 46. Nc2 Nc4 47. g4 b5 48. Kg2 Nb2 49. Bf1 Nd1 50. a3 Bb2 51. h4 e4 52. fxe4 Nc3 53. Kf3 Nb1 54. Kf4 Bxa3 55. Bxb5 Kxb5 56. Nxa3+ Nxa3 57. Ke5 Nc4+ 58. Kxe6 Ne3 59. h5 g5 60. h6 Nxg4 61. Kf5 Nxh6+ 62. Kxg5 Ng8 63. Kf5 Kc6 64. Ke6 Kc7 65. e5 Kd8 66. Kf7 h5 0-1

[Event "Yerevan Petrosian Memorial op"]
[Site "Yerevan"]
[Date "2004.11.24"]
[Round "6"]
[White "Movsisyan, Vardan"]
[Black "Khurtsidze, Nino"]
[Result "0-1"]
[WhiteElo "2243"]
[BlackElo "2399"]
[PlyCount "82"]
[EventDate "2004.11.18"]
[EventType "swiss"]
[EventRounds "9"]
[EventCountry "ARM"]
[SourceTitle "CBM 103 Extra"]
[Source "ChessBase"]
[SourceDate "2005.01.01"]
[SourceVersion "1"]
[SourceVersionDate "2005.01.01"]
[SourceQuality "1"]

1. e4 c5 2. Nf3 d6 3. d4 cxd4 4. Nxd4 Nf6 5. Nc3 a6 6. Be2 e6 7. Be3 Nc6 8. 0-0 Qc7 9. a4 Be7 10. Nb3 b6 11. f4 0-0 12. Bf3 Bb7 13. Qe2 Rfe8 14. g4 Rac8 15. g5 Nd7 16. Rf2 Nb4 17. Rd1 Bf8 18. Bg2 Nc5 19. Nd4 g6 20. Qc4 Nc6 21. Nde2 d5 22. exd5 Na5 23. Qa2 exd5 24. Bd4 Ne4 25. Nxe4 dxe4 26. Rff1 e3 27. Bxb7 Qxb7 28. c3 Nc4 29. b3 Nd2 30. Rxd2 exd2 31. Qxd2 Rcd8 32. f5 Bc5 33. b4 Bxd4+ 34. Nxd4 Qe4 35. fxg6 hxg6 36. Qf4 Qxf4 37. Rxf4 Re3 38. b5 axb5 39. Nxb5 Rd2 40. Rf1 Ree2 41. Rc1 Rg2+ 0-1